| 000 | 00594nam a22001937a 4500 | ||
|---|---|---|---|
| 008 | 210825b ||||| |||| 00| 0 eng d | ||
| 100 |
_aHerrmann, Wilhelm, _d1846-1922. |
||
| 245 |
_a Systematic theology (Dogmatik) / _cWilhelm Herrmann. |
||
| 260 |
_aLondon : _bGeorge Allen & Unwin Ltd., _c1927. |
||
| 300 |
_a152 pages ; _c19 cm |
||
| 336 | _atext | ||
| 337 | _aunmediated | ||
| 338 | _avolume | ||
| 650 | _aTheology, Doctrinal. | ||
| 650 | _aTheology. | ||
| 700 |
_a: Micklem, Nathaniel, _d1888-1976, _etranslator. |
||
| 700 |
_aSaunders, Kenneth A., _etranslator. |
||
| 942 |
_2lcc _cBK |
||
| 999 |
_c50124 _d50124 |
||